| 000 | 00363 a2200157 4500 | ||
|---|---|---|---|
| 001 | 59218 | ||
| 020 | _a8570301766 | ||
| 040 | _cAnchieta - Pituba | ||
| 100 | _aBrink Jr., Joseph A. | ||
| 240 | 1 | 0 |
_aIndústrias de processos químicos _lpor |
| 245 | 1 | 0 | _aIndústrias de processos químicos |
| 300 | _a717 | ||
| 362 | 0 | _a1997 | |
| 650 | 4 | _aQuímica | |
| 942 | _cBK | ||
| 999 |
_c59218 _d59218 |
||